Reformas laborales: Contrato de trabajo, sindicatos, negociación colectiva, ley No 18.018, contrato de embarco, trabajadores portuarios, ley No 18.011, ley No 18.032

Furkejuvvon:
Bibliográfalaš dieđut
Váldodahkki: Díaz Salas, Juan (Dahkki)
Materiálatiipa: Girji
Giella:espánnjágiella
Almmustuhtton: Santiago Jurídica de Chile 1981
Preanttus:2a. ed
Fáttát:
Fáddágilkorat: Lasit fáddágilkoriid
Eai fáddágilkorat, Lasit vuosttaš fáddágilkora!

MARC

LEADER 00000nam a2200000 a 4500
001 UCZ7892
003 CL-VaPUC
008 960112e19810000CL |||||||||||||||||spa|d
082 0 4 |a 344.01  |b DIA  |2 21 
100 0 |a Díaz Salas, Juan  |e author  |9 352891 
245 1 0 |a Reformas laborales: Contrato de trabajo, sindicatos, negociación colectiva, ley No 18.018, contrato de embarco, trabajadores portuarios, ley No 18.011, ley No 18.032 
250 |a 2a. ed 
300 |a 220 p 
942 |c BK 
945 |d 19960112 00:00:00  |a mcarcey 
260 |a Santiago  |b Jurídica de Chile  |c 1981 
650 0 |a Sindicatos  |9 255034 
650 7 |a DERECHO LABORAL  |2 CL-VaPUC  |9 15 
650 0 |a Código del trabajo  |9 255479 
650 7 |a REFORMA LABORAL  |2 CL-VaPUC  |9 352892 
650 0 |a Negociación colectiva  |9 312433 
650 0 |a Trabajadores  |9 260887 
651 7 |a CHILE  |2 CL-VaPUC  |9 352893 
583 |a last modification  |c 20170711 04:27:10  |k Rodrigo Vera 
999 |c 243875  |d 243873 
952 |0 0  |1 0  |4 0  |6 344_010000000000000_DIA_1981  |7 0  |8 A  |9 257715  |a BIBDER  |b BIBDER  |d 2019-11-19  |i 1846582  |o 344.01 DIA 1981  |p 1846582  |r 2023-01-25  |w 2019-11-19  |y BK  |k DER